Poppi A., Filosofia in tempo di nichilismo. Problemi di etica e di metafisica, coll. de « La Crisalide » 23/12, Napoli, Ed. Scientifiche Italiane, 2002, 20x14, 294 p., 19 €. ISBN 88-495-0450-0 (notice n° 1620783)
[ vue normale ]
| 000 -LEADER | |
|---|---|
| fixed length control field | 00605cam a2200133 4500500 |
| 005 - DATE AND TIME OF LATEST TRANSACTION | |
| control field | 20260111091251.0 |
| 041 ## - LANGUAGE CODE | |
| Language code of text/sound track or separate title | fre |
| 042 ## - AUTHENTICATION CODE | |
| Authentication code | dc |
| 245 00 - TITLE STATEMENT | |
| Title | Poppi A., Filosofia in tempo di nichilismo. Problemi di etica e di metafisica, coll. de « La Crisalide » 23/12, Napoli, Ed. Scientifiche Italiane, 2002, 20x14, 294 p., 19 €. ISBN 88-495-0450-0 |
| 260 ## - PUBLICATION, DISTRIBUTION, ETC. | |
| Date of publication, distribution, etc. | 2005.<br/> |
| 500 ## - GENERAL NOTE | |
| General note | 55 |
| 786 0# - DATA SOURCE ENTRY | |
| Note | Nouvelle revue théologique | 127 | 4 | 2005-12-15 | p. 666r-679r | 0029-4845 |
| 856 41 - ELECTRONIC LOCATION AND ACCESS | |
| Uniform Resource Identifier | <a href="https://shs.cairn.info/revue-nouvelle-revue-theologique-2005-4-page-666r?lang=fr&redirect-ssocas=7080">https://shs.cairn.info/revue-nouvelle-revue-theologique-2005-4-page-666r?lang=fr&redirect-ssocas=7080</a> |
Pas d'exemplaire disponible.




Réseaux sociaux